[Event "India Cities-ch 19th"]
[Site "Khalpara"]
[Date "2018.08.04"]
[Round "6.1"]
[White "Vijay, Kumar Singh1111"]
[Black "Saayan, Dutta"]
[Result "0-1"]
[WhiteElo "1472"]
[BlackElo "1304"]
[PlyCount "112"]
[EventDate "2018.08.01"]
[EventType "team-swiss"]
[EventRounds "7"]
[EventCountry "IND"]
[SourceTitle "CBM 186 Extra"]
[Source "ChessBase"]
[SourceDate "2018.08.24"]
[SourceVersion "1"]
[SourceVersionDate "2018.08.24"]
[SourceQuality "1"]
[WhiteTeam "ARA Attackers"]
[BlackTeam "Siliguri Green"]
[WhiteTeamCountry "IND"]
[BlackTeamCountry "IND"]

1. d4 Nf6 2. c4 e6 3. Nc3 Bb4 4. Qb3 c5 5. a3 Ba5 6. e3 Ne4 7. Bd3 Nxc3 8. bxc3 cxd4 9. exd4 Qb6 10. Rb1 Qxd4 11. Qc2 Qxc3+ 12. Qxc3 Bxc3+ 13. Ke2 Nc6 14. Be3 Bd4 15. Bd2 Ne5 16. Nf3 Nxf3 17. Kxf3 Bc5 18. a4 0-0 19. h4 f5 20. h5 b6 21. Ke2 Bb7 22. f3 Bc6 23. Bc2 Bd4 24. Bb4 Rfe8 25. Rbd1 Be5 26. Kf2 d5 27. Rhe1 Bf6 28. cxd5 Bxd5 29. a5 g6 30. hxg6 hxg6 31. Kg3 Kg7 32. Rh1 Rh8 33. Bd3 Rxh1 34. Rxh1 Rc8 35. axb6 axb6 36. Bd2 Be5+ 37. Kf2 Bd4+ 38. Kg3 e5 39. Bg5 f4+ 40. Bxf4 exf4+ 41. Kxf4 Rf8+ 42. Kg3 Be5+ 43. Kf2 Ra8 44. Rc1 Bd4+ 45. Kg3 Kf6 46. Bb5 g5 47. Rc2 Be5+ 48. Kf2 Ra2 49. Rxa2 Bxa2 50. g3 Bd4+ 51. Ke2 Bb1 52. Ba4 Ke5 53. f4+ gxf4 54. gxf4+ Kxf4 55. Kd1 Ke3 56. Be8 Be4 0-1